00000000nam 2200000za 4500
0019.676575
003CaOODSP
00520250108155246
007cr |||||||||||
008150407|2011||||xxc|||||o    f|0| 0 rus d
040 |aCaOODSP|beng
043 |an-cn---
0861 |aA15-11508/2011Rus-PDF|zA15-11508/2011Ru-PDF
1101 |aCanada. |bAgriculture and Agri-Food Canada.
24510|a[Canadian lobster and snow crab] : |h[electronic resource]|b[fresh from the ocean].
250 |a[Russian edition].
260 |aOttawa - Ontario : |bAgriculture and Agri-Food Canada |c[2011].
300 |a2p.
500 |aIssued also in English under title: Canadian lobster and snow crab: fresh from the ocean.
546 |aText in Russian.
590 |a13-10-Supp|b2013-04-13
69007|aAgri-food industry|2gcpds
77508|tCanadian lobster and snow crab : |w(CaOODSP)9.695134
792 |t[Homard et crabe des neiges canadiens] : |efre|w(CaOODSP)9.676576
85640|ahttp://publications.gc.ca|qPDF|s321 KB|uhttps://publications.gc.ca/collections/collection_2013/aac-aafc/A15-11508-2011-rus.pdf